书目信息 |
| 题名: |
项目财务管理
|
|
| 作者: | 杨峙深 , 邹红英 主编 | |
| 分册: | ||
| 出版信息: | 中国市场出版社 北京 2006.11 |
|
| 页数: | 289页 | |
| 开本: | 30cm | |
| 丛书名: | ||
| 单 册: | ||
| 中图分类: | F275 | |
| 科图分类: | ||
| 主题词: | 企业管理--项目管理--财务管理 | |
| 电子资源: | ||
| ISBN: | 7-5092-0002-4 | |
| 000 | 00674 nam 000229 | |
| 001 | 012000000653 | |
| 005 | 20070902151931.75 | |
| 010 | @a7-5092-0002-4@dCNY39.40 | |
| 100 | @a20070713d2006 em y0chiy0121 ea | |
| 101 | @achi | |
| 102 | @aCN@b110000 | |
| 105 | @ay z 000yy | |
| 200 | 10 | @a项目财务管理@9xiang mu cai wu guan li@f邹红英,杨峙深主编@Fzou hong ying , yang zhi shen zhu bian |
| 210 | @a中国市场出版社@c北京@d2006.11 | |
| 215 | @a289页@d30cm | |
| 606 | @a企业管理@y项目管理@z财务管理 | |
| 690 | @aF275@v4 | |
| 701 | 1 | @a杨峙深@9yang zhi shen@4主编 |
| 701 | 0 | @a邹红英@9zou hong ying@4主编 |
| 801 | @aCN@c20070902 | |
| 901 | @a000001 | |
| 905 | @dF275@eZ965 | |
| 项目财务管理/邹红英,杨峙深主编.-中国市场出版社:北京,2006.11 |
| 289页;30cm |
| ISBN 7-5092-0002-4:CNY39.40 |
| ● |
| 相关链接 |
|
|
|
正题名:项目财务管理
索取号:F275/Z965
 
预约/预借
| 序号 | 登录号 | 条形码 | 馆藏地/架位号 | 状态 | 备注 |
| 1 | 641839 | 206418394 | 社科库409/409社科库 95排1列3层/ [索取号:F275/Z965] | 在馆 | |
| 2 | 641840 | 206418401 | 社科库409/409社科库 95排1列3层/ [索取号:F275/Z965] | 在馆 | |
| 3 | 641841 | 206418410 | 社科库409/409社科库 95排1列3层/ [索取号:F275/Z965] | 在馆 |